000 00693cab a2200217 4500
001 WB3237-30
008 090401t1996 xxu||||| |||| 00| 0 eng d
035 _a(Sirsi) u13713
041 _aeng
245 _aRent reviews and supplementary agreements
260 _c1996
350 _a0
490 _aEstates Gazette
_v(9639) 28 September 1996, 174(1)
520 _aDiscusses rent reviews and the supplementary agreements which may vary or add to its terms.
650 _aCOMMERCIAL UNION LIFE ASSURANCE CO LTD V WOOLWORTHS PLC [1996]
650 _aRENT REVIEWS
650 _aSUPPLEMENTARY AGREEMENTS
690 _aLANDLORD AND TENANT-RENT REVIEWS
942 _n0
948 _c04/03/1997
999 _c8831
_d8831